|
|
|
|
| LEADER |
01624nam a2200349 i 4500 |
| 001 |
17627854 |
| 003 |
BD-DhAAL |
| 005 |
20140720093756.0 |
| 008 |
140720s2014 enka b 001 0 eng |
| 010 |
|
|
|a 2013005049
|
| 020 |
|
|
|a 9780415679954 (pbk)
|
| 020 |
|
|
|a 9780415679947 (hbk)
|
| 020 |
|
|
|z 9780203758342 (ebk)
|
| 040 |
|
|
|a DLC
|b eng
|c DLC
|e rda
|d DLC
|d BD-DhAAL
|
| 050 |
0 |
0 |
|a H97
|b .M54 2014
|
| 082 |
0 |
0 |
|a 320.6
|2 23
|
| 999 |
|
|
|c 32866
|d 32866
|
| 999 |
|
|
|c 32866
|
| 100 |
1 |
|
|a Miller, Karen Johnston.
|9 5404
|
| 245 |
1 |
0 |
|a Making and managing public policy /
|c Karen Johnston Miller and Duncan McTavish.
|
| 260 |
|
|
|a London ;
|a New York :
|b Routledge,
|c 2014
|
| 300 |
|
|
|a viii, 291 p. :
|b ill. ;
|c 25 cm.
|
| 490 |
|
|
|a Routledge Masters in Public Management
|
| 504 |
|
|
|a Includes bibliographical references and index.
|
| 505 |
0 |
|
|a The policy process -- Public policy domains -- Public policy making -- Case study: women in public policy? -- Policy capacity -- Inter and intra organisational relationships -- Professionals, users, consumers and markets -- Case study: partnerships and practices -- Public policy and accountability -- Public policy and performance management -- Case study: public policy & UK foot and mouth epidemic.
|
| 541 |
|
|
|e 28192
|
| 650 |
|
0 |
|a Policy sciences.
|9 5405
|
| 650 |
|
0 |
|a Political planning.
|9 5406
|
| 650 |
|
0 |
|a Public administration.
|9 5407
|
| 700 |
1 |
|
|a McTavish, Duncan.
|9 5408
|
| 942 |
|
|
|2 ddc
|c BK
|
| 952 |
|
|
|0 0
|1 0
|2 ddc
|4 0
|6 320_600000000000000_MIL
|7 0
|9 43294
|a IGS
|b IGS
|c GEN
|d 2014-07-20
|e Trim Education
|g 4275.00
|l 2
|o 320.6 MIL
|p 3010028192
|r 2014-07-20
|s 2014-07-20
|t 1
|w 2014-07-20
|y BK
|